000 00314 a2200157 4500
001 152742
040 _cEscola São Tomás de Aquino
100 _aBANDEIRA, Manuel
240 1 0 _aTeadorar
_lpor
245 1 0 _aTeadorar
300 _a55
362 0 _a2015
440 1 _aGlobal
697 _aPoesia
942 _cBK
999 _c152742
_d152742